01233nam a2200253Ia 450000500170000000800410001702000150005804000720007304100080014506000100015310000370016324000240020024502170022426000650044130000180050649001000052450400410062465000450066565000440071065000470075470000390080170000320084076501070087220240410112516.0130821s1991 mx grdd spa  a9681633466 aCo-BoUCMbspacDavid Moreno (modificó)dDavid Moreno (modificó)00aspa aWM 131 aBonin, Werner Friedrich d1941-  aGrossen Psychologen10aDiccionario de los grandes psicólogos de las ciencias del espíritu a las ciencias de la conductacWerner F. Bonin ; traducción de Beatriz Alvarez Klein ; revisión técnica de Héctor Pérez Rincón.  aMéxico D.F. (México)bFondo de Cultura Económicac1991 a444 páginas 0aBiblioteca de psicología, psicoanálisis y psiquiatría / dirigida por Ramón de la Fuente aIncluye referencias bibliográficas14aPsicólogos vBiografíavDiccionarios14aPsiquiatras vDiccionariosvBiografía14aPsicoanalistas vDiccionariosvBiografía1 aAlvarez Klein, Beatriz etraductor1 aPérez Rincón, Héctor  tDie groben psychologen. Von der seelenkunde zur verhaltenswissenschaft forscher, therapeuten und arzte